Food sovereignty in settings without social movements/
Guardado en:
| Andre forfattere: | , , |
|---|---|
| Format: | Bog |
| Sprog: | English |
| Tags: |
Tilføj Tag
Ingen Tags, Vær først til at tagge denne postø!
|
MARC
| LEADER | 00000nam a22000007a 4500 | ||
|---|---|---|---|
| 003 | cru CIDCACS/IIS | ||
| 005 | 20171207145700.0 | ||
| 007 | ta | ||
| 008 | 171207s2014 ne |||p|r|||| 00| 0 eng d | ||
| 999 | |c 40712 |d 40712 | ||
| 040 | |c cru CIDCACS/IIS | ||
| 245 | 1 | |a Food sovereignty in settings without social movements/ |c Oane Viesser, Natalia Mamonova, Max Spoor, Alexander Nikulin | |
| 300 | |a páginas 9-12 | ||
| 700 | 1 | |9 6207 |a Mamonova, Natalia | |
| 700 | 1 | |9 6208 |a Spoor, Max | |
| 700 | 1 | |9 6209 |a Nikulin, Alexander | |
| 773 | 0 | |0 18173 |9 1676 |a International Institute of Social Studies |d Netherlands : International Institute of Social Studies |o 18288 |t Development Issues / |w ()46221 | |
| 942 | |2 ddc |c PP | ||
